Vector analysis with applications (Record no. 5838)

000 -LEADER
fixed length control field 00528nam a22002051 4500
001 - CONTROL NUMBER
control field 5838
003 - CONTROL NUMBER IDENTIFIER
control field BD-DhUET
008 - FIXED-LENGTH DATA ELEMENTS--GENERAL INFORMATION
fixed length control field 861017s1932 enka 000 0 eng c
020 ## - INTERNATIONAL STANDARD BOOK NUMBER
International Standard Book Number 8122405487
040 ## - CATALOGING SOURCE
Original cataloging agency DLC/ICU
Transcribing agency CGU
Modifying agency BD-DhUET
082 0# - DEWEY DECIMAL CLASSIFICATION NUMBER
Classification number 516.83
Item number ALI/1993
100 ## - MAIN ENTRY--PERSONAL NAME
Personal name Ali Ashraf, Md.
245 10 - TITLE STATEMENT
Title Vector analysis with applications
250 ## - EDITION STATEMENT
Edition statement 3rd ed.
260 ## - PUBLICATION, DISTRIBUTION, ETC. (IMPRINT)
Place of publication, distribution, etc. New Delhi
Name of publisher, distributor, etc. Wiley Eastern
Date of publication, distribution, etc. 1993
300 ## - PHYSICAL DESCRIPTION
Extent xv,308p.
Other physical details ill.
Dimensions 23 cm.
504 ## - BIBLIOGRAPHY, ETC. NOTE
Bibliography, etc Includes bibliographies
650 #0 - SUBJECT ADDED ENTRY--TOPICAL TERM
Topical term or geographic name as entry element Vector analysis
942 ## - ADDED ENTRY ELEMENTS (KOHA)
Koha item type General Book
Holdings
Koha full call number Koha item type Koha renewals Koha issues (times borrowed) Lost status Copy number Sublocation or collection (holding branch) Koha out on loan Withdrawn status Location (home branch) Koha normalized classification for sorting Koha date last seen Koha date last borrowed Not for loan Shelving location Source of classification or shelving scheme Date acquired Damaged status Piece designation (barcode) Price effective from
516.83/ALI/1993General Book 3 8Central Library, BUET2022-12-27 Central Library, BUET516_830000000000000_ALI_19932022-12-132022-12-13 Circulation section 2014-11-29 875312014-11-29
516.83/ALI/1998General Book113 2Central Library, BUET  Central Library, BUET516_830000000000000_ALI_19982025-05-132025-04-29 Circulation section 2014-12-21 875282014-12-21
516.83/ALI/1998General Book   3Central Library, BUET  Central Library, BUET516_830000000000000_ALI_19982016-04-02  Circulation section 2015-01-27 875302015-01-27
516.83/ALI/1998General Book 6 4Central Library, BUET  Central Library, BUET516_830000000000000_ALI_19982025-11-302022-12-13 Circulation section 2015-01-31 487832015-01-31
516.83/ALI/1998General Book 5 1Central Library, BUET  Central Library, BUET516_830000000000000_ALI_19982020-11-032020-01-05 Circulation section 2015-02-11 941022015-02-11
516.83/ALI/1993General Book 8 7Central Library, BUET  Central Library, BUET516_830000000000000_ALI_19932025-11-182024-04-02 Circulation section 2015-04-11 875252015-04-11
516.83/ALI/1993General Book 6 6Central Library, BUET  Central Library, BUET516_830000000000000_ALI_19932025-11-292023-09-27 Circulation section 2015-04-23 875262015-04-23
516.83/ALI/1993General Book 2 7Central Library, BUET  Central Library, BUET516_830000000000000_ALI_19932022-05-252022-03-30 Circulation section 2015-05-03 875292015-05-03
516.83/ALI/1993Reading Item   9Central Library, BUET  Central Library, BUET516_830000000000000_ALI_19932015-06-07  Reading section 2015-06-07 875502015-06-07
516.83/ALI/1993Reading Item   10Central Library, BUET  Central Library, BUET516_830000000000000_ALI_19932015-06-07  Reading section 2015-06-07 923742015-06-07
516.83/ALI/1993Reading Item   12Central Library, BUET  Central Library, BUET516_830000000000000_ALI_19932015-06-08  Reading section 2015-06-08 941002015-06-08
516.83/ALI/1993Reading Item   13Central Library, BUET  Central Library, BUET516_830000000000000_ALI_19932015-06-14  Reading section 2015-06-14 875512015-06-14
516.83/ALI/1993General Book   14Central Library, BUET  Central Library, BUET516_830000000000000_ALI_19932017-03-04  Circulation section 2015-09-02 875272015-09-02